000
00216 a2200097 4500
001
11369
100
_a
Wheeler, G.
245
_a
The People of Soviet Central Asia
260
_a
_b
Bodley Head
_c
090
_c
8917
_d
8917
942
_a
NUST-CAE
_c
_c
35730
999
_c
246442
_d
246442